000 00248nam a2200097Ia 4500
001 712235
005 20250826162823.0
008 250824s9999 xx 000 0 und d
245 0 _aDOSTLUKLARIN SON GÜNÜ
_cSELİM İLERİ
260 _bEVEREST YAYINLARI
999 _c712235
_d712235